ბათუმის შოთა რუსთაველის სახელმწიფო უნივერსიტეტის ბიბლიოთეკა

სპარსული პოეზიის შედევრები ორ ტომად : (ბიბ.ჩანაწერი № 36871)

000 -ლიდერი
ფიქსირებული სიგრძის საკონტროლო ველი 01148nam a2200241Ia 4500
001 - საკონტროლო ნომერი
საკონტროლო ველი 2821
003 - საკონტროლო ნომრის იდენტიფიკატორი
საკონტროლო ველი GE_BSU
005 - ბოლო ოპერაციის თარიღი და დრო
საკონტროლო ველი 20190611185100.0
008 - ფიქსირებული სიგრძის მონაცემთა ელემენტები - ზოგადი ინფორმაცია
ფიქსირებული სიგრძის საკონტროლო ველი 181216s2010||||ge |||||||||||||| ||geo||
020 ## - წიგნის საერთაშორისო სტანდარტული ნომერი
International Standard Book Number 978-9941129179
040 ## - კატალოგიზაციის წყარო
Transcribing agency GE_BSU
041 ## - ენის კოდი
Language code of text/sound track or separate title geo
080 ## - უნივერსალური ათობითი კლასიფიკაციის ინდექსი
Universal Decimal Classification number 821.222.1.1 ს–76
245 ## - ცნობა სათაურის შესახებ
Title სპარსული პოეზიის შედევრები ორ ტომად :
Remainder of title ტ. 2. /
Statement of responsibility, etc სპარსულიდან თარგმნა მაგალი თოდუამ ; წინათქმა ეჰსან ხაზაი.
264 ## - წარმოების, გამოცემის, დისტრიბუციის და სხვა ცნობები
გამოცემის, წარმოების, დისტრიბუციის... ადგილი თბილისი :
გამოცემის, წარმოების, დისტრიბუციის... სახელწოდება უნივერსალი,
გამოცემის, წარმოების, დისტრიბუციის... თარიღი 2010.
300 ## - ფიზიკური აღწერა
Extent 472 გვ. ;
Other physical details 23 სმ.
504 ## - BIBLIOGRAPHY, ETC. NOTE
Bibliography, etc კომენტარები: გვ. 433-439. - ლექსიკონი: გვ. 441-461.
653 ## - INDEX TERM--UNCONTROLLED
Uncontrolled term სპარსული პოეზია
700 ## - ADDED ENTRY--PERSONAL NAME
Personal name ხაყანი შირვანელი
Relator term ავტორი
9 (RLIN) 2422
700 ## - ADDED ENTRY--PERSONAL NAME
Personal name ჰასან ღაზნელი
Relator term ავტორი
9 (RLIN) 2423
700 ## - ADDED ENTRY--PERSONAL NAME
Personal name თოდუა, მაგალი
Relator term მთარგმნელი
9 (RLIN) 2420
942 ## - ADDED ENTRY ELEMENTS (KOHA)
Koha item type წიგნი
Source of classification or shelving scheme
ეგზემპლარები
ჩამოწერის სტატუსი დაკარგული ეგზემპლარის სტატუსი კლასიფიკაციის წყარო ან თაროზე გაწყობის სქემა დაზიანების სტატუსი არ გაიცემა მუდმივი მდებარეობა (დაცვის ადგილი) ამჟამინდელი ადგილსამყოფელი თაროზე განთავსების ადგილი შეძენის თარიღი სრული შენახვის შიფრი შტრიხკოდი ბოლო ოპერაციის თარიღი ეგზემპლარის მიმდევრობითი ნომერი (კეტერი?) ფასის ძალაში შესვლის თარიღი ეგზემპლარის სახეობა საჯარო შენიშვნა
          ბათუმის შოთა რუსთაველის სახელმწიფო უნივერსიტეტის მთავარი ბიბლიოთეკა ბათუმის შოთა რუსთაველის სახელმწიფო უნივერსიტეტის მთავარი ბიბლიოთეკა წიგნსაცავი 2018-12-17 821.222.1.1 ს–76 4803 2018-12-17 4803 2018-12-17 წიგნი